000 00856nam a2200337 i 4500
001 000003539
003 DO-SdBNP
005 20260129094451.0
007 ta
008 290126s2025 dr r 001 0 spa d
020 _a9789945294279
040 _aDO-SdBNP
_bspa
_cBNPHU
_erda
041 _aspa
082 4 _axxx
_bR696e
_222
100 _aRodríguez, Domingo Antonio
_eautor
_988915
245 0 0 _aEgo sum /
_cDomingo Antonio Rodriguez
264 _aSanto Domingo :
_bEditora KDP,
_c2025
300 _a196 páginas ;
_c24 cm.
336 _2rdacontent
_atexto
_btxt
337 _2rdamedia
_asin mediación
_bn
338 _2rdacarrier
_avolumen
_bnc
590 _aInventariado, 2026/DG
650 _92781
650 _93475
650 _910956
650 _91453
650 _91172
650 _910957
910 _aDG
942 _2ddc
_cLBS1
999 _c60158
_d60158